| 000 | 00920nam a2200229Ii 4500 | ||
|---|---|---|---|
| 003 | JO-AjNU | ||
| 008 | 230605s9999||||xx |||||||||||||| ||und|| | ||
| 017 | _a2021/9/5512 | ||
| 020 | _a978-9957-94-711-8 | ||
| 040 |
_aJO-AjNU _bara _erda _cJO-AjNU |
||
| 041 | _aara | ||
| 050 | 1 | 4 | _aTT113.S94.Z33 2021 |
| 100 | 3 |
_aالزعارير، طه حسن, _eauthor _963354 |
|
| 245 | 0 | 0 | _aالصناعات والحرف في جنوب بلاد الشام في العصرين الايوبي والمملوكي (الأردن وفلسطين)(569-923ه/1173-1517م) |
| 250 | _aط1 | ||
| 264 | 3 | 1 | _aعمان: وزارة الثقافة،2021 |
| 300 | _a344ص | ||
| 336 |
_atext _btxt _2rdacontent |
||
| 337 |
_aunmediated _bn _2rdamedia |
||
| 338 |
_avolume _bnc _2rdacarrier |
||
| 650 | 4 |
_aالحرف اليدوية-الصناعات-العصر الايوبي-العصر المملوكي-الحضارة الاسلامية _963355 |
|
| 999 |
_aA28732 _c32300 _d32300 |
||